000
00382nam a22001697a 4500
003
MPLRDC
005
20220104143013.0
008
210129b ||||| |||| 00| 0 eng d
082
_a
240.7 HAL*
100
_a
怀爱伦遗著
245
_a
幸福的阶梯
_c
250
_a
初版
260
_a
_b
南洋时报馆
_c
1952
300
_b
平
650
_a
942
_c
BK
_o
240.7 HAL*
999
_c
35694
_d
35684